000 00338nam a2200145Ia 4500
008 240624s9999 xx 000 0 und d
041 _aeng
082 _a332.63 PIN
100 _aPINTO JERALD E
245 _aEQUITY ASSET VALUATION WORKBOOK
250 _a(2nd ed.)
260 _c2010
_aSons,2010
300 _a128 : p.
365 _c
_b30
999 _c20175
_d20175